Noms de Pays contenant... Capitales - Statistiques

Statistiques générales
  • Ce quiz a été pris 36 fois
  • Le résultat moyen est 4 sur 20
Statistiques - réponses
Marque Solutions Pays % Correct
Bissau 2 Émirats arabes unis, Guinée-Bissau
83%
Damas 1 Madagascar
40%
Tirana 7 Antigua-et-Barbuda, Émirats arabes unis, Guinée équatoriale, Mauritanie, République Ce...
30%
Bakou 2 Burkina Faso, Ouzbékistan
30%
Séoul 3 Biélorussie, Papouasie-Nouvelle-Guinée, Slovaquie
27%
Dakar 1 Danemark
27%
Bangui 2 Antigua-et-Barbuda, Guinée-Bissau
23%
Rabat 4 Antigua-et-Barbuda, Arabie Saoudite, Émirats arabes unis, République centrafricaine
20%
Sanaa 3 Afghanistan, Émirats arabes unis, Kazakhstan
17%
Bogota 1 Antigua-et-Barbuda
17%
Oslo 3 Lesotho, Papouasie-Nouvelle-Guinée, Salomon
17%
Madrid 1 Macédoine du Nord
17%
Vaduz 1 Nouvelle-Zélande
17%
Yaren 1 Royaume-Uni
13%
Sofia 1 Burkina Faso
10%
Doha 1 Honduras
10%
Moroni 3 Macédoine du Nord, Sao Tomé-et-Principe, Timor oriental
10%
Minsk 1 Turkménistan
10%
Sucre 1 Corée du Sud
7%
Accra 2 Costa Rica, République Centrafricaine
7%
Aucun quiz correspondant
Distribution des résultats
% des personnes avec chaque résultat
Percentile par nombre de réponses
Votre historique - résultats
Vous n’avez pas pris ce quiz